A manual of machine drawing and design (Record no. 545981)

000 -LEADER
fixed length control field 00556cam a2200169Ki 4500
082 ## - DEWEY DECIMAL CLASSIFICATION NUMBER
Classification number 621.815
Author Mark LOW
-- L-12, P-11
100 1# - MAIN ENTRY--PERSONAL NAME
Personal name Low, David Allan,
9 (RLIN) 40637
245 12 - TITLE STATEMENT
Title A manual of machine drawing and design
260 ## - PUBLICATION, DISTRIBUTION, ETC.
Place of publication, distribution, etc. London :
Name of publisher, distributor, etc. Longmans, Green and Co.,
Date of publication, distribution, etc. 1901.
300 ## - PHYSICAL DESCRIPTION
Extent 1 online resource (8, 376 p.) :
Other physical details ill.
526 ## - STUDY PROGRAM INFORMATION NOTE
Program name 0
Interest level 0
Reading level 0
Title point value 621_815000000000000_LOW
650 #0 - SUBJECT ADDED ENTRY--TOPICAL TERM
Topical term or geographic name entry element Machine design.
9 (RLIN) 18984
650 #0 - SUBJECT ADDED ENTRY--TOPICAL TERM
Topical term or geographic name entry element MCE
9 (RLIN) 379
650 #0 - SUBJECT ADDED ENTRY--TOPICAL TERM
Topical term or geographic name entry element Mechanical drawing.
856 40 - ELECTRONIC LOCATION AND ACCESS
Uniform Resource Identifier <a href="http://catalog.hathitrust.org/api/volumes/oclc/61602213.html">http://catalog.hathitrust.org/api/volumes/oclc/61602213.html</a>
942 ## - ADDED ENTRY ELEMENTS (KOHA)
Source of classification or shelving scheme
Koha item type Book
Holdings
Withdrawn status Lost status Source of classification or shelving scheme Damaged status Not for loan Permanent Location Current Location Date acquired Total Checkouts Full call number Barcode Date last seen Price effective from Koha item type
          Military College of Engineering (MCE) Military College of Engineering (MCE) 06/02/2014   621.815 LOW MCE-30206 06/02/2014 06/02/2014 Book
© 2023 Central Library, National University of Sciences and Technology. All Rights Reserved.